| 000 | 00758cam a2200229 a 4500 | ||
|---|---|---|---|
| 001 | 000003117 | ||
| 005 | 20200929150332.0 | ||
| 008 | 970815s1996 mx b 001 0 spa c | ||
| 020 | _a9683656668 | ||
| 040 |
_aDO-SdBNP _cDLC _dCU _dDLC |
||
| 082 |
_aV861.44 _bL253m |
||
| 100 | 1 |
_aLanda, Josu. _99808 |
|
| 245 | 1 | 0 |
_aMás allá de la palabra : _b(para la topología del poema) / _cJosu Landa. |
| 260 |
_aMéxico, D. F. : _bFacultad de Filosofía y Letras, Universidad Nacional Autónoma de México, _c1996. |
||
| 300 |
_a275 p. ; _c21 cm. |
||
| 440 | 0 |
_aSeminarios _99809 |
|
| 650 | 4 |
_aPoesía venezolana _94230 |
|
| 650 | 4 |
_aLiteratura _xFilosofía _99810 |
|
| 650 | 4 |
_aEstética en literatura _99811 |
|
| 910 | _aCatalogación por copia / LC | ||
| 910 | _aWM | ||
| 999 |
_c2948 _d2948 |
||